000 00190nam a22000857a 4500
008 161201b xxu||||| |||| 00| 0 eng d
100 _91711
_aBlyton.E.
245 _aMister Meddles
260 _c2011
999 _c4424
_d4424